| Tag |
First Indicator |
Second Indicator |
Subfields |
| LEADER |
00000cam a2200000 4500 |
| 001 |
in00000013362 |
| 005 |
20151007052405.0 |
| 008 |
720414s1867 nyuaf 00010 eng |
| 035 |
|
|
|a (OCoLC)00284906
|
| 035 |
|
|
|9 AAA7580AM
|
| 040 |
|
|
|a DLC
|c MSC
|d OCL
|d TXA
|d UtOrBLW
|
| 049 |
|
|
|a TXAM
|c [A12643730]
|
| 050 |
0 |
0 |
|a E468
|b .H822
|
| 100 |
1 |
|
|a Horton, R. G.
|q (Rushmore G.),
|d 1826-
|
| 245 |
1 |
2 |
|a A youth's history of the great civil war in the United States, from 1861 to 1865 /
|c by R.G. Horton.
|
| 250 |
|
|
|a 45th ed.
|
| 264 |
|
1 |
|a New York :
|b Van Evrie, Horton & Co.,
|c 1867.
|
| 300 |
|
|
|a xiv, [15]-384 pages, [15] leaves of plates :
|b illustrations ;
|c 18 cm.
|
| 336 |
|
|
|a text
|b txt
|2 rdacontent
|
| 337 |
|
|
|a unmediated
|b n
|2 rdamedia
|
| 338 |
|
|
|a volume
|b nc
|2 rdacarrier
|
| 651 |
|
0 |
|a United States
|x History
|y Civil War, 1861-1865.
|
| 999 |
|
|
|a MARS
|
| 999 |
f |
f |
|s a2b960d5-1feb-3b77-bca8-808f35010a4b
|i cb53374c-40d6-32d7-b258-f74ab096f148
|t 0
|
| 952 |
f |
f |
|p ric
|a Texas A&M University
|b Rellis Campus
|c Joint Library Facility
|d Remote Storage
|t 0
|e E468 .H822
|h Library of Congress classification
|i unmediated -- volume
|m A14812643730
|
| 998 |
f |
f |
|a E468 .H822
|t 0
|l Remote Storage
|